[Event "Porto Sant Elpidio op 18th"]
[Site "Porto Sant Elpidio"]
[Date "2015.11.29"]
[Round "5"]
[White "Lattanzi, Matteo"]
[Black "Vannicola, Roberto"]
[Result "1/2-1/2"]
[WhiteElo "1734"]
[BlackElo "1540"]
[PlyCount "46"]
[EventDate "2015.11.21"]
[EventType "swiss"]
[EventRounds "6"]
[EventCountry "ITA"]
[SourceTitle "EXT 2018"]
[Source "ChessBase"]
[SourceDate "2017.10.13"]
[SourceVersion "1"]
[SourceVersionDate "2017.10.13"]
[SourceQuality "1"]

1. e4 c6 2. d4 d5 3. e5 Bf5 4. h4 h6 5. g4 Bh7 6. e6 f5 7. Bd3 Qb6 8. c3 c5 9. gxf5 Nf6 10. dxc5 Qxc5 11. Be3 Qc7 12. Nd2 Rg8 13. h5 Nc6 14. Ne2 Ng4 15. Bc5 0-0-0 16. Qa4 Nce5 17. Bb5 Qxc5 18. Nd4 Qb6 19. f4 Nc6 20. Nxc6 bxc6 21. Bxc6 Qe3+ 22. Kd1 Nf2+ 23. Kc2 Qb6 1/2-1/2

[Event "Porto Sant Elpidio op-B 16th"]
[Site "Porto Sant Elpidio"]
[Date "2013.11.17"]
[Round "2"]
[White "Scuppa, Massimo"]
[Black "Vannicola, Roberto"]
[Result "1/2-1/2"]
[WhiteElo "1553"]
[BlackElo "1532"]
[PlyCount "72"]
[EventDate "2013.11.16"]
[EventType "swiss"]
[EventRounds "6"]
[EventCountry "ITA"]
[SourceTitle "EXT 2015"]
[Source "ChessBase"]
[SourceDate "2014.11.20"]
[SourceVersion "1"]
[SourceVersionDate "2014.11.20"]
[SourceQuality "1"]

1. e4 c6 2. c4 d5 3. exd5 cxd5 4. cxd5 Qxd5 5. Nc3 Qd8 6. d4 Nf6 7. Nf3 Bg4 8. Be2 e6 9. h3 Bxf3 10. Bxf3 Nd5 11. Nxd5 exd5 12. 0-0 Be7 13. Qa4+ Nc6 14. Qb3 Nxd4 15. Qxd5 Qxd5 16. Bxd5 Ne2+ 17. Kh1 Nxc1 18. Raxc1 0-0 19. Rc7 Bf6 20. Rxb7 Rab8 21. Bxf7+ Kh8 22. Rxa7 Rxb2 23. Bb3 Bd4 24. Rd7 Rbxf2 25. Rxf2 Bxf2 26. a4 Bg3 27. Kg1 Re8 28. Rd1 Re1+ 29. Rxe1 Bxe1 30. Kf1 Ba5 31. Kf2 g5 32. Kf3 Kg7 33. Kg4 h6 34. Kf5 Bb4 35. g4 Bc3 36. Ke6 Bb4 1/2-1/2

[Event "Fermo Province-ch"]
[Site "Fermo"]
[Date "2013.01.20"]
[Round "2"]
[White "Santinelli, Michele"]
[Black "Vannicola, Roberto"]
[Result "1-0"]
[WhiteElo "1802"]
[BlackElo "1525"]
[PlyCount "143"]
[EventDate "2013.01.19"]
[EventType "swiss"]
[EventRounds "6"]
[EventCountry "ITA"]
[SourceTitle "EXT 2014"]
[Source "ChessBase"]
[SourceDate "2013.11.20"]
[SourceVersion "1"]
[SourceVersionDate "2013.11.20"]
[SourceQuality "1"]

1. d4 Nf6 2. Nd2 e6 3. e4 c6 4. Ngf3 d5 5. e5 Nfd7 6. Bd3 Be7 7. c3 c5 8. 0-0 cxd4 9. cxd4 b6 10. Qc2 Ba6 11. Re1 Bxd3 12. Qxd3 Qc8 13. b3 Qa6 14. Qc2 0-0 15. Nf1 Rc8 16. Qe2 Qxe2 17. Rxe2 Na6 18. a3 Rc7 19. Bb2 Rac8 20. Ne3 Nab8 21. h3 Nc6 22. Rc2 Na5 23. Rxc7 Rxc7 24. Nd2 Bg5 25. Rc1 Rxc1+ 26. Bxc1 Nc6 27. Nf3 Be7 28. g3 a6 29. Bb2 Na5 30. Nd2 b5 31. f4 g6 32. Nc2 Nc6 33. Kf2 a5 34. Nf3 b4 35. a4 h6 36. Bc1 Kg7 37. g4 Nf8 38. Ne3 Bd8 39. f5 Bb6 40. Bb2 g5 41. Ke2 Nd7 42. Kd3 Bd8 43. Bc1 Bb6 44. Ng2 Bd8 45. h4 gxh4 46. f6+ Kh7 47. Nfxh4 Bb6 48. Nf3 Nf8 49. Nf4 Ng6 50. Nh5 Nd8 51. Ng7 Nc6 52. Be3 Nd8 53. Ne8 Nc6 54. Nd6 Kg8 55. Bxh6 Bc7 56. Ne8 Bxe5 57. dxe5 Ncxe5+ 58. Nxe5 Nxe5+ 59. Kd4 Nxg4 60. Bg5 Kh7 61. Nd6 Kg6 62. Bh4 Nxf6 63. Bxf6 Kxf6 64. Nb7 Kf5 65. Nxa5 e5+ 66. Kxd5 e4 67. Nc4 Kf4 68. Kd4 f5 69. Ne3 Kg5 70. a5 f4 71. a6 fxe3 72. Kxe3 1-0

[Event "Porto San Giorgio Weekend-B 15th"]
[Site "Porto San Giorgio"]
[Date "2012.11.18"]
[Round "3"]
[White "Masera, Lorenzo"]
[Black "Vannicola, Roberto"]
[Result "1/2-1/2"]
[WhiteElo "1410"]
[BlackElo "1496"]
[PlyCount "89"]
[EventDate "2012.11.17"]
[EventType "swiss"]
[EventRounds "6"]
[EventCountry "ITA"]
[SourceTitle "EXT 2024"]
[Source "ChessBase"]
[SourceDate "2023.10.10"]
[SourceVersion "1"]
[SourceVersionDate "2023.10.10"]
[SourceQuality "1"]

1. e4 c6 2. d4 d5 3. e5 Bf5 4. Bd3 Bxd3 5. Qxd3 e6 6. Nf3 h6 7. Qb3 Qb6 8. Qxb6 axb6 9. 0-0 Nd7 10. c3 b5 11. b4 Nb6 12. Nbd2 Na4 13. Nb1 Ne7 14. Re1 Nc8 15. a3 Ncb6 16. Nfd2 Be7 17. Rf1 Nd7 18. Nf3 0-0 19. Bf4 Nb2 20. Bg3 Nb6 21. Nfd2 Ra7 22. Rc1 Rfa8 23. Rc2 N2c4 24. Nxc4 Nxc4 25. Rca2 b6 26. f4 c5 27. Be1 cxd4 28. cxd4 Rc7 29. Nd2 Rac8 30. Rc2 Ne3 31. Rxc7 Rxc7 32. Bf2 Nc4 33. Rc1 Bd8 34. Nxc4 Rxc4 35. Rxc4 bxc4 36. Be1 b5 37. Bc3 Bb6 38. Kf2 f6 39. Ke3 Kf7 40. g3 fxe5 41. fxe5 g5 42. g4 Kg6 43. h3 h5 44. Ke2 hxg4 45. hxg4 1/2-1/2

[Event "Porto San Giorgio Weekend-B 14th"]
[Site "Porto San Giorgio"]
[Date "2011.11.20"]
[Round "3"]
[White "Antognoni, Nicola"]
[Black "Vannicola, Roberto"]
[Result "0-1"]
[WhiteElo "1524"]
[BlackElo "1449"]
[PlyCount "150"]
[EventDate "2011.11.19"]
[EventType "swiss"]
[EventRounds "6"]
[EventCountry "ITA"]
[SourceTitle "EXT 2024"]
[Source "ChessBase"]
[SourceDate "2023.10.10"]
[SourceVersion "1"]
[SourceVersionDate "2023.10.10"]
[SourceQuality "1"]

1. e4 c6 2. d4 d5 3. exd5 cxd5 4. Nf3 Nf6 5. c3 a6 6. Bd3 Bg4 7. 0-0 e6 8. Bg5 Be7 9. Nbd2 h6 10. Bh4 Nh5 11. Bxe7 Qxe7 12. Qa4+ Qd7 13. Qxd7+ Nxd7 14. h3 Bxf3 15. Nxf3 Nhf6 16. Rae1 0-0 17. Ne5 Nxe5 18. Rxe5 Nd7 19. Rh5 Nf6 20. Re5 Nd7 21. Re3 b5 22. f4 Nb6 23. b3 Rac8 24. Rff3 g6 25. Bc2 b4 26. g4 Rxc3 27. Rxc3 bxc3 28. Rxc3 Rc8 29. Rxc8+ Nxc8 30. Bd3 a5 31. a3 Na7 32. b4 axb4 33. axb4 Nc6 34. b5 Nxd4 35. Kf2 Nb3 36. b6 Nc5 37. Bb5 Kf8 38. Ke3 Ke7 39. Kd4 Kd6 40. Be8 f6 41. Bxg6 e5+ 42. fxe5+ fxe5+ 43. Ke3 Kc6 44. Bf7 d4+ 45. Kd2 Kxb6 46. Bc4 Kc6 47. h4 Kd6 48. g5 hxg5 49. hxg5 Ne4+ 50. Kd3 Nxg5 51. Ba6 Kc5 52. Bb7 e4+ 53. Kc2 e3 54. Kd3 Nh3 55. Ba6 Nf2+ 56. Ke2 Kb4 57. Ke1 Kc3 58. Ke2 Ne4 59. Bb5 Nd6 60. Ba6 Nc4 61. Bb5 d3+ 62. Kd1 Nb2+ 63. Ke1 d2+ 64. Ke2 d1Q+ 65. Kxe3 Qd4+ 66. Kf3 Nc4 67. Bxc4 Kxc4 68. Ke2 Kc3 69. Kf3 Kd3 70. Kg2 Ke3 71. Kg3 Qf4+ 72. Kg2 Ke2 73. Kh1 Kf3 74. Kg1 Qd2 75. Kh1 Qg2# 0-1